000
00300nam a2200121Ia 4500
008
190802s9999 xx 000 0 und d
020
_a
13:978-93-85965-55-5
100
_a
Prasanna Chandra
245
0
_a
Behavioural Finance
260
_a
New Delhi
_b
McGraw Hill
_c
2017
300
_a
550:P
942
_c
BK
999
_c
2084
_d
2084